Départements avec le plus de communes - Statistiques

Statistiques générales
  • Ce quiz a été pris 17 fois
  • Le résultat moyen est 9 sur 15
Statistiques - réponses
Nombre de communes Département % Correct
895 Pas-de-Calais
88%
650 Nord
81%
816 Aisne
69%
693 Oise
69%
782 Somme
69%
730 Moselle
63%
745 Seine-Maritime
63%
706 Calvados
56%
675 Eure
56%
589 Haute-Garonne
50%
601 Manche
50%
620 Marne
50%
706 Côte-d'Or
44%
594 Meurthe-et-Moselle
38%
594 Doubs
25%
Aucun quiz correspondant
Distribution des résultats
% des personnes avec chaque résultat
Percentile par nombre de réponses
Votre historique - résultats
Vous n’avez pas pris ce quiz